Bruņenieki Vācu ordeņa Livonijas atzarā 1237-1562

Titel: Bruņenieki Vācu ordeņa Livonijas atzarā 1237-1562
Verfasser:
In: Latvijas Zinātņu Akadēmija: Latvijas Zinātnu Akadēmijas vēstis. A daļa, Sociālās un humanitārās zinātnes, Heft 3 (1994), Seite 47-55
alle Artikel anzeigen
Veröffentlicht: 1994
Format: Aufsatz
Sprache: Litauisch
Kein Bild verfügbar
X
alg: 39157468
001A    $01999:11-11-16 
001B    $01999:29-03-21 $t21:45:22.000 
001C    $06050:19-11-16 $t09:35:50.000 
001D    $01999:11-11-16 
001U    $0utf8 
001X    $00 
002@    $0Aox 
003@    $039157468X 
007A    $039157468X $aHEB 
007T    $0Herd29889 
010@    $alit 
011@    $a1994 
021A    $aBruņenieki Vācu ordeņa Livonijas atzarā 1237-1562 
027A    $aRitterbrüder im Deutschen Orden in Livland 1237-1562 
028A    $#Militzer, K. $#Milicers, Klauss $7130830577 $8Militzer, Klaus$Z1940-2022 [Tp1] $9160858828 
031A    $e3 $h47-55 $j1994 
037A    $aRes. 
039B    $aIn $8--Abvc--Latvijas Zinātņu Akadēmija [Tb1]. Latvijas Zinātnu Akadēmijas vēstis. A daļa, Sociālās un humanitārās zinātnes. - Rīgā, 1992-. - ISSN 0868-6556 $x199400000000003953 $9048608599 
045F    $a900.943820902 $eDDC23BSB 
045F/01 $a900 
045F/03 $f0902 
045F/03 $g4382 
045F/03 $g43832 
045T    $a24 $a7,44 
046C    $aRitterbrüder im Deutschen Orden in Livland 1237-1562 $bÜbers. des Hauptsacht. 

lok: 39157468 78

exp: 39157468 78 1 #EPN
201B/01 $001-03-19 $t22:51:32.000 
201U/01 $0utf8 
203@/01 $0787668931 
208@/01 $a11-11-16 $be 
209A/01 $a/ $f000 $x00 
220C/01 $aTitelaufnehmer: ra 
244Z/01 $2Trx $#Prusy Wschodnie i Zachodnie $8--Trx--Ost- und Westpreußen $x01 $939113373X 
244Z/01 $#Liivimaa $#Vidzeme $#Livonija $#Vidzeme $#Livonia $#Inflanty $74036075-1 $8--Tg1--Livland $x02 $9085097721 
244Z/01 $aGeschichte 1237-1562 $x03 
244Z/01 $2Trx $#rüütelkond $#riterių luomas $#knights $#lovagi rend $#rycerstwo $#rytierstvo $#rytířstvo $8--Trx--Rittertum $x04 $9391368788 
244Z/01 $2Trx $#ordud Saksa Ordu $#ordinas kryžiuočių $#order Teutonic Knights $#rendek Német Lovagrend $#zakony, krzyżacy $#rád, nemeckí rytieri $#řád, němečtí rytíři $#Deutscher Orden $#Ritterorden $#zakon krzyżacki $#zakon niemiecki $#nemeckí rytieri $8--Trx--Orden$gDeutscher Orden $x05 $9391363204 
244Z/01 $2Trx $8--Trx--Zeitschriftenaufsatz $x06 $9391384341 
245Z/01 $a06.02 $x01 
247C/01 $82080>Marburg/Lahn, Herder-Institut, Forschungsbibliothek, Bibliographieportal $9336309341
LEADER 00000caa a22000002c 4500
001 39157468X
003 DE-603
005 20210329214522.0
007 tu
008 161111s1994 xx |||| | u00||u|lit c
035 |a (DE-599)HEB39157468X 
040 |a DE-603  |b ger  |c DE-603  |d DE-603 
041 |a lit 
082 0 4 |8 1\u  |a 900.943820902  |q DE-101  |2 23/BSB 
084 |a 24  |a 7,44  |2 ssgn 
085 |8 1\u  |b 900 
085 |8 1\u  |z 1  |s 0902 
085 |8 1\u  |z 2  |s 4382 
085 |8 1\u  |z 2  |s 43832 
100 1 |a Militzer, Klaus  |d 1940-2022  |0 (DE-603)160858828  |0 (DE-588)130830577  |2 gnd 
245 0 0 |a Bruņenieki Vācu ordeņa Livonijas atzarā 1237-1562 
246 1 |i Übers. des Hauptsacht.  |a Ritterbrüder im Deutschen Orden in Livland 1237-1562 
246 1 3 |a Ritterbrüder im Deutschen Orden in Livland 1237-1562 
264 0 |c 1994 
500 |a Res. 
773 0 8 |i In  |a Latvijas Zinātņu Akadēmija  |t Latvijas Zinātnu Akadēmijas vēstis. A daļa, Sociālās un humanitārās zinātnes  |d Rīgā, 1992-  |x 0868-6556  |g Heft 3 (1994), Seite 47-55  |w (DE-603)048608599  |w (DE-600)1116654-X 
924 0 |9 2080  |a (DE-603)787668931  |b DE-2080  |c HES  |d d  |g /